000
00339nam a2200133Ia 4500
008
231129s9999||||xx |||||||||||||| ||spa||
020
_a
84-7634-369-8
040
_b
spa
082
_a
185 A716po
100
_a
Aristoteles
245
0
_a
Politica; Los económicos
264
_a
Orbis
942
_2
ddc
_c
BKS
999
_c
23026
_d
23026